[Event "Holberg"]
[Site "Dianalund"]
[Date "2000.02.14"]
[Round "1"]
[White "Hovmoller, Kristian"]
[Black "Nielsen, Max"]
[Result "1-0"]
[WhiteElo "1980"]
[BlackElo "2208"]
[PlyCount "97"]
[EventDate "2000.02.14"]
[EventType "tourn"]
[EventRounds "7"]
[EventCountry "DEN"]

1. d4 Nf6 2. c4 c5 3. d5 b5 4. cxb5 a6 5. b6 Qxb6 6. Nc3 d6 7. e4 g6 8. Nf3 Bg7
9. Nd2 Nbd7 10. Be2 O-O 11. a4 Ne8 12. Nc4 Qb8 13. O-O Ne5 14. Ne3 Nc7 15. f4
Nd7 16. Kh1 a5 17. Qe1 Ba6 18. Bxa6 Rxa6 19. Qh4 Qd8 20. g4 e6 21. g5 exd5 22.
f5 d4 23. f6 dxc3 24. fxg7 Kxg7 25. Ng4 d5 26. Rf3 Qe7 27. Qh6+ Kg8 28. e5 f5
29. gxf6 Nxf6 30. Nxf6+ Raxf6 31. exf6 Qe1+ 32. Kg2 Qe2+ 33. Kg3 Qe1+ 34. Rf2
Rxf6 35. Qe3 Qg1+ 36. Rg2 cxb2 37. Rxg1 bxa1=Q 38. Bd2 Qxa4 39. Rb1 Qd7 40.
Rb8+ Kg7 41. Qh6+ Kf7 42. Rf8+ Ke6 43. Qe3+ Kd6 44. Rxf6+ Ne6 45. Qf4+ Ke7 46.
Rf7+ Ke8 47. Rxd7 Nxf4 48. Rd6 Ne2+ 49. Kf2 1-0

[Event "Holberg"]
[Site "Dianalund"]
[Date "2000.02.14"]
[Round "1"]
[White "Madsen, Hans Henrik"]
[Black "Dalberg, Preben Schavitshy"]
[Result "1-0"]
[WhiteElo "2093"]
[BlackElo "2177"]
[PlyCount "81"]
[EventDate "2000.02.14"]
[EventType "tourn"]
[EventRounds "7"]
[EventCountry "DEN"]

1. d4 e6 2. Nf3 Nf6 3. Bg5 d5 4. Nbd2 Be7 5. e3 O-O 6. Bd3 c5 7. c3 Nfd7 8. h4
Nc6 9. Qc2 f5 10. Be2 Nf6 11. dxc5 Bxc5 12. b4 Bd6 13. b5 Ne5 14. c4 dxc4 15.
Nxc4 Nxc4 16. Bxc4 Qa5+ 17. Kf1 Ne4 18. Bf4 Qc7 19. Bxd6 Qxd6 20. Rd1 Qb6 21.
Ng5 Nc5 22. Qe2 h6 23. Nh3 Bd7 24. Nf4 Rad8 25. Kg1 Kh7 26. Kh2 Be8 27. g3 Bf7
28. Qf3 Rxd1 29. Rxd1 Rd8 30. Rxd8 Qxd8 31. Nxe6 Bxe6 32. Bxe6 Nxe6 33. Qxf5+
Kh8 34. Qxe6 Qc7 35. Qe4 Qc8 36. Qd3 Qc7 37. e4 Qc5 38. Kg2 Qc7 39. Qd5 Qe7 40.
e5 Qc7 41. e6 1-0

[Event "Holberg"]
[Site "Dianalund"]
[Date "2000.02.14"]
[Round "1"]
[White "Mortensen, Martin Lind"]
[Black "Jorgensen, Gert"]
[Result "0-1"]
[WhiteElo "1998"]
[BlackElo "2032"]
[PlyCount "134"]
[EventDate "2000.02.14"]
[EventType "tourn"]
[EventRounds "7"]
[EventCountry "DEN"]

1. e4 d5 2. exd5 Qxd5 3. Nc3 Qa5 4. d4 Nf6 5. Nf3 Bf5 6. Ne5 e6 7. Nc4 Qb4 8.
a3 Qe7 9. Bg5 c6 10. Be2 h6 11. Bf4 Qd8 12. Bf3 Be7 13. O-O O-O 14. Ne3 Bg6 15.
Ne2 Nd5 16. Bg3 Bg5 17. Ng4 Nd7 18. c4 N5f6 19. Nxf6+ Bxf6 20. Qb3 Qb6 21. Qxb6
Nxb6 22. Rac1 Bd3 23. b3 Bxe2 24. Bxe2 Bxd4 25. a4 e5 26. Kh1 f5 27. f3 c5 28.
Bd3 Rad8 29. Rcd1 Nc8 30. h3 Ne7 31. Bc2 f4 32. Bh2 Nf5 33. Bxf5 Rxf5 34. Bg1
Rf6 35. Rd3 Rfd6 36. Rfd1 Kf7 37. Bf2 Ke6 38. Be1 Be3 39. Rxd6+ Rxd6 40. Rxd6+
Kxd6 41. g4 fxg3 42. Bxg3 Ke6 43. Kg2 Kf5 44. Kf1 g5 45. Ke2 Bd4 46. Kd3 h5 47.
Bh2 h4 48. Ke2 e4 49. Bd6 a6 50. Be7 Kf4 51. fxe4 g4 52. hxg4 h3 53. Bd6+ Kxe4
54. Bh2 Bf6 55. Bd6 Kd4 56. Kf3 Kc3 57. Kg3 Kxb3 58. Bxc5 Kxa4 59. Be3 Kb4 60.
c5 a5 61. Kxh3 a4 62. g5 Bb2 63. g6 a3 64. Bc1 Bg7 65. Bg5 a2 66. Be7 Kb5 67.
c6 bxc6 0-1

[Event "Holberg"]
[Site "Dianalund"]
[Date "2000.02.14"]
[Round "1"]
[White "Rasmussen, Rogvi"]
[Black "Askgaard, Jens"]
[Result "0-1"]
[WhiteElo "2104"]
[BlackElo "2117"]
[PlyCount "78"]
[EventDate "2000.02.14"]
[EventType "tourn"]
[EventRounds "7"]
[EventCountry "DEN"]

1. d4 e6 2. c4 b6 3. Nf3 Bb7 4. g3 Bb4+ 5. Nbd2 Bxf3 6. exf3 Nf6 7. Bg2 O-O 8.
f4 d5 9. O-O Bxd2 10. Qxd2 c6 11. b3 Nbd7 12. Qe2 Qc8 13. Bb2 Qa6 14. Rfc1 Rfc8
15. Bf3 Qb7 16. Rc2 b5 17. Rac1 bxc4 18. bxc4 Nb6 19. cxd5 exd5 20. Qf1 Nc4 21.
Bc3 Nd7 22. Be2 Ndb6 23. Qh3 Re8 24. Bd3 h6 25. Qf5 g6 26. Qh3 Kg7 27. f5 Qe7
28. fxg6 fxg6 29. Qg4 Qf6 30. Ba1 Qf7 31. h4 h5 32. Qg5 Re6 33. Bxc4 Nxc4 34.
Rxc4 Re2 35. f4 dxc4 36. d5+ Kh7 37. dxc6 Qe6 38. Be5 Rg8 39. c7 Qb6+ 0-1

[Event "Holberg"]
[Site "Dianalund"]
[Date "2000.02.15"]
[Round "2"]
[White "Askgaard, Jens"]
[Black "Hovmoller, Kristian"]
[Result "1/2-1/2"]
[WhiteElo "2117"]
[BlackElo "1980"]
[PlyCount "37"]
[EventDate "2000.02.14"]
[EventType "tourn"]
[EventRounds "7"]
[EventCountry "DEN"]

1. d4 Nf6 2. c4 e6 3. Nc3 Bb4 4. Qb3 c5 5. e3 O-O 6. Bd3 d5 7. Nge2 Nc6 8. a3
Bxc3+ 9. bxc3 dxc4 10. Bxc4 e5 11. O-O Qc7 12. dxc5 Na5 13. Qb4 Nxc4 14. Qxc4
b6 15. a4 Be6 16. Qh4 bxc5 17. e4 Bc4 18. Re1 Bxe2 19. Rxe2 1/2-1/2

[Event "Holberg"]
[Site "Dianalund"]
[Date "2000.02.15"]
[Round "2"]
[White "Jorgensen, Gert"]
[Black "Dalberg, Preben Schavitshy"]
[Result "1/2-1/2"]
[WhiteElo "2032"]
[BlackElo "2177"]
[PlyCount "43"]
[EventDate "2000.02.14"]
[EventType "tourn"]
[EventRounds "7"]
[EventCountry "DEN"]

1. c4 e6 2. Nc3 d5 3. d4 Nf6 4. e3 c5 5. dxc5 Bxc5 6. cxd5 exd5 7. Nf3 O-O 8.
Be2 Nc6 9. O-O Re8 10. a3 a6 11. b4 Bb6 12. Ra2 Qe7 13. Nd4 Ne5 14. h3 Bd7 15.
f4 Nc4 16. Rf3 Rad8 17. Qb3 Bxd4 18. exd4 b5 19. Qd1 Qd6 20. f5 Ne4 21. Rc2
Nxc3 22. Rcxc3 1/2-1/2

[Event "Holberg"]
[Site "Dianalund"]
[Date "2000.02.15"]
[Round "2"]
[White "Mortensen, Martin Lind"]
[Black "Rasmussen, Rogvi"]
[Result "0-1"]
[WhiteElo "1998"]
[BlackElo "2104"]
[PlyCount "46"]
[EventDate "2000.02.14"]
[EventType "tourn"]
[EventRounds "7"]
[EventCountry "DEN"]

1. e4 e5 2. Nf3 Nc6 3. Bb5 a6 4. Ba4 Nf6 5. O-O Nxe4 6. d4 b5 7. Bb3 d5 8. dxe5
Be6 9. c3 Bc5 10. Nbd2 O-O 11. Bc2 Nxf2 12. Rxf2 f6 13. exf6 Bxf2+ 14. Kxf2
Qxf6 15. Nf1 Ne5 16. Ng3 Rae8 17. Kg1 Bg4 18. Qxd5+ Kh8 19. Be4 Rd8 20. Bg5
Qb6+ 21. Nd4 Rxd5 22. Bxd5 Qc5 23. Bb3 Nd3 0-1

[Event "Holberg"]
[Site "Dianalund"]
[Date "2000.02.15"]
[Round "2"]
[White "Nielsen, Max"]
[Black "Madsen, Hans Henrik"]
[Result "1/2-1/2"]
[WhiteElo "2208"]
[BlackElo "2093"]
[PlyCount "39"]
[EventDate "2000.02.14"]
[EventType "tourn"]
[EventRounds "7"]
[EventCountry "DEN"]

1. e4 c5 2. Nf3 a6 3. c4 Nc6 4. d4 cxd4 5. Nxd4 e5 6. Nf5 d5 7. cxd5 Bxf5 8.
exf5 Nd4 9. Nc3 Nf6 10. Bd3 Nxd5 11. O-O Qd7 12. Re1 O-O-O 13. Nxd5 Qxd5 14.
Be4 Qd7 15. Be3 Bb4 16. Rf1 Kb8 17. a3 Bc5 18. b4 Ba7 19. a4 g6 20. f6 1/2-1/2

[Event "Holberg"]
[Site "Dianalund"]
[Date "2000.02.16"]
[Round "3"]
[White "Dalberg, Preben Schavitshy"]
[Black "Nielsen, Max"]
[Result "0-1"]
[WhiteElo "2177"]
[BlackElo "2208"]
[PlyCount "106"]
[EventDate "2000.02.14"]
[EventType "tourn"]
[EventRounds "7"]
[EventCountry "DEN"]

1. c4 e5 2. g3 Nf6 3. Bg2 d5 4. cxd5 Nxd5 5. Nc3 Nb6 6. Nf3 Nc6 7. O-O Be7 8.
a3 O-O 9. d3 Be6 10. b4 a5 11. b5 Nd4 12. Nd2 Bd5 13. Nxd5 Nxd5 14. Bb2 a4 15.
Nc4 f6 16. b6 c6 17. e4 Nxb6 18. Ne3 Qd7 19. Rb1 Nc8 20. Bxd4 exd4 21. Nc2 Na7
22. Qh5 g6 23. Qh6 Nb5 24. Bh3 Qd6 25. Bg4 Rfe8 26. Ra1 Bf8 27. Qd2 Nc7 28. h4
b5 29. Kg2 c5 30. f4 b4 31. h5 b3 32. Ne1 Nb5 33. Nf3 Nc3 34. hxg6 hxg6 35. f5
Rab8 36. fxg6 b2 37. Rab1 Nxb1 38. Rxb1 Qb6 39. Bd7 Re7 40. Bxa4 Ra7 41. Qc2
Bh6 42. Qc4+ Kg7 43. Nh4 Bg5 44. Bd1 Bxh4 45. gxh4 Qb5 46. Qxb5 Rxb5 47. a4 Rb4
48. h5 Rc7 49. Be2 Rcb7 50. Bd1 c4 51. dxc4 Rxc4 52. a5 Rc1 53. a6 Ra7 0-1

[Event "Holberg"]
[Site "Dianalund"]
[Date "2000.02.16"]
[Round "3"]
[White "Hovmoller, Kristian"]
[Black "Mortensen, Martin Lind"]
[Result "0-1"]
[WhiteElo "1980"]
[BlackElo "1998"]
[PlyCount "104"]
[EventDate "2000.02.14"]
[EventType "tourn"]
[EventRounds "7"]
[EventCountry "DEN"]

1. d4 Nf6 2. c4 g6 3. Nc3 d5 4. cxd5 Nxd5 5. e4 Nxc3 6. bxc3 Bg7 7. Bc4 c5 8.
Ne2 O-O 9. O-O Nc6 10. Be3 cxd4 11. cxd4 Bg4 12. f3 Na5 13. Bd5 Bc8 14. Rc1 e6
15. Bb3 Nxb3 16. Qxb3 b6 17. Rfd1 Bb7 18. Nc3 Rc8 19. e5 Qd7 20. Qb5 Bc6 21.
Qb2 b5 22. Ne4 Bxe4 23. fxe4 Qb7 24. Rxc8 Rxc8 25. d5 a6 26. d6 Qxe4 27. Qd4
Qxd4 28. Bxd4 Rd8 29. Re1 Kf8 30. Bb6 Rd7 31. Bc7 Bh6 32. Kf2 Bd2 33. Re2 Bc3
34. g4 a5 35. Kf3 a4 36. Ke4 b4 37. Kd3 a3 38. Kc4 g5 39. Re3 f6 40. exf6 Kf7
41. Kc5 e5 42. Kc6 Ke6 43. Rf3 Rf7 44. Bd8 e4 45. Be7 exf3 46. d7 Rf8 47. Bxf8
Bxf6 48. Bg7 Bd8 49. Bd4 b3 50. axb3 a2 51. Bb6 Bxb6 52. Kxb6 Kxd7 0-1

[Event "Holberg"]
[Site "Dianalund"]
[Date "2000.02.16"]
[Round "3"]
[White "Madsen, Hans Henrik"]
[Black "Askgaard, Jens"]
[Result "0-1"]
[WhiteElo "2093"]
[BlackElo "2117"]
[PlyCount "118"]
[EventDate "2000.02.14"]
[EventType "tourn"]
[EventRounds "7"]
[EventCountry "DEN"]

1. d4 e6 2. Nf3 f5 3. h3 Nf6 4. g4 d5 5. c4 fxg4 6. hxg4 Nxg4 7. Qc2 g6 8. Bh3
Nf6 9. Bg5 Nc6 10. Nc3 Be7 11. O-O-O Bd7 12. e4 Nxe4 13. Nxe4 dxe4 14. Bxe7
Qxe7 15. Qxe4 O-O-O 16. Ne5 Nxe5 17. Qxe5 Qd6 18. Qe3 Kb8 19. Bg2 Rdf8 20. Be4
Bc6 21. Rh4 a6 22. Rdh1 Bxe4 23. Rxe4 Rf6 24. Rh6 Qc6 25. b3 Rxf2 26. d5 exd5
27. Re6 Rf1+ 28. Kb2 Qd7 29. Re7 Qd6 30. Rhxh7 Rhf8 31. c5 Qf6+ 32. Ka3 Rf2 33.
Qe5 Qxe5 34. Rxe5 R2f7 35. Rxf7 Rxf7 36. Rxd5 Kc8 37. b4 Rf5 38. Rd3 g5 39. Rh3
g4 40. Rh8+ Kd7 41. Rg8 Rf3+ 42. Ka4 g3 43. Rg6 Ke7 44. b5 axb5+ 45. Kxb5 Kf7
46. Rg4 Kf6 47. a4 Kf5 48. Rg7 Kf4 49. Rxc7 g2 50. Rf7+ Ke3 51. Rg7 Kf2 52.
Rxg2+ Kxg2 53. Kb6 Rb3+ 54. Kc7 Rb4 55. a5 Rb5 56. c6 bxc6 57. a6 c5 58. Kc6
Ra5 59. Kb6 Rxa6+ 0-1

[Event "Holberg"]
[Site "Dianalund"]
[Date "2000.02.16"]
[Round "3"]
[White "Rasmussen, Rogvi"]
[Black "Jorgensen, Gert"]
[Result "0-1"]
[WhiteElo "2104"]
[BlackElo "2032"]
[PlyCount "62"]
[EventDate "2000.02.14"]
[EventType "tourn"]
[EventRounds "7"]
[EventCountry "DEN"]

1. d4 d5 2. c4 e6 3. Nf3 f5 4. g3 Nf6 5. Bg2 Be7 6. O-O O-O 7. Qc2 c6 8. Nc3
Ne4 9. Rb1 Nd7 10. b4 Bf6 11. b5 Nb6 12. c5 Nc4 13. e3 Bd7 14. a4 Qa5 15. Nxe4
fxe4 16. Bd2 Qd8 17. Ne1 Na3 18. Qb2 Nxb1 19. Qxb1 e5 20. Nc2 Qc8 21. Rc1 Bh3
22. Bh1 Qf5 23. Be1 exd4 24. Nxd4 Bxd4 25. exd4 e3 26. Qxf5 Rxf5 27. f3 Raf8
28. Rb1 Rxf3 29. Bxf3 Rxf3 30. Ba5 e2 31. bxc6 Rf1+ 0-1

[Event "Holberg"]
[Site "Dianalund"]
[Date "2000.02.17"]
[Round "4"]
[White "Askgaard, Jens"]
[Black "Dalberg, Preben Schavitshy"]
[Result "1/2-1/2"]
[WhiteElo "2117"]
[BlackElo "2177"]
[PlyCount "50"]
[EventDate "2000.02.14"]
[EventType "tourn"]
[EventRounds "7"]
[EventCountry "DEN"]

1. d4 d5 2. c4 e6 3. Nf3 Nf6 4. g3 Be7 5. Bg2 O-O 6. O-O c5 7. cxd5 exd5 8. Nc3
Nc6 9. dxc5 Bxc5 10. Na4 Be7 11. Be3 Qa5 12. Rc1 Ne4 13. a3 Bf6 14. Nd4 Bd7 15.
Nc3 Rfe8 16. Nb3 Nxc3 17. Rxc3 Qa4 18. Rd3 Bg4 19. Qd2 d4 20. Bxc6 Qxc6 21.
Nxd4 Bxd4 22. Rxd4 Bh3 23. f3 Bxf1 24. Kxf1 Qe6 25. Bf4 Rac8 1/2-1/2

[Event "Holberg"]
[Site "Dianalund"]
[Date "2000.02.17"]
[Round "4"]
[White "Jorgensen, Gert"]
[Black "Nielsen, Max"]
[Result "0-1"]
[WhiteElo "2032"]
[BlackElo "2208"]
[PlyCount "60"]
[EventDate "2000.02.14"]
[EventType "tourn"]
[EventRounds "7"]
[EventCountry "DEN"]

1. d4 Nf6 2. Nf3 g6 3. g3 Bg7 4. Bg2 O-O 5. O-O d6 6. c4 Nbd7 7. Nc3 e5 8. dxe5
dxe5 9. Bg5 h6 10. Bxf6 Qxf6 11. Nd5 Qd8 12. e4 c6 13. Ne3 Qe7 14. Qc2 Nc5 15.
Rad1 Ne6 16. Rfe1 Nd4 17. Nxd4 exd4 18. Nf1 Qb4 19. Re2 Be6 20. b3 a5 21. Rd3
a4 22. Nd2 axb3 23. axb3 Ra1+ 24. Bf1 Rfa8 25. Nb1 b5 26. cxb5 Qxb5 27. Red2
Qb6 28. Rf3 c5 29. Kg2 R8a7 30. Qc1 c4 0-1

[Event "Holberg"]
[Site "Dianalund"]
[Date "2000.02.17"]
[Round "4"]
[White "Mortensen, Martin Lind"]
[Black "Madsen, Hans Henrik"]
[Result "1-0"]
[WhiteElo "1998"]
[BlackElo "2093"]
[PlyCount "67"]
[EventDate "2000.02.14"]
[EventType "tourn"]
[EventRounds "7"]
[EventCountry "DEN"]

1. e4 c5 2. c3 e6 3. d4 cxd4 4. cxd4 d6 5. Nc3 Nf6 6. Nf3 Be7 7. Be2 Nbd7 8.
O-O b6 9. Re1 Bb7 10. d5 e5 11. Nd2 O-O 12. b4 Ne8 13. Bd3 g6 14. Nc4 f5 15.
Bh6 Rf7 16. exf5 Bf8 17. fxg6 hxg6 18. Bxg6 Bxh6 19. Qh5 Rh7 20. Bxh7+ Kxh7 21.
Qf7+ Kh8 22. Ne4 Qc7 23. Qg6 Bg7 24. Rac1 Rc8 25. Rc3 Qd8 26. Ng5 Qxg5 27. Qxg5
Bxd5 28. Rh3+ Kg8 29. Nxd6 Nxd6 30. Qe7 Nf8 31. Qxd6 Bxa2 32. Rg3 Kh8 33. Qe7
Ne6 34. Qxa7 1-0

[Event "Holberg"]
[Site "Dianalund"]
[Date "2000.02.17"]
[Round "4"]
[White "Rasmussen, Rogvi"]
[Black "Hovmoller, Kristian"]
[Result "1-0"]
[WhiteElo "2104"]
[BlackElo "1980"]
[PlyCount "145"]
[EventDate "2000.02.14"]
[EventType "tourn"]
[EventRounds "7"]
[EventCountry "DEN"]

1. d4 Nf6 2. c4 e6 3. g3 Bb4+ 4. Bd2 Bxd2+ 5. Nxd2 d5 6. Bg2 O-O 7. Ngf3 Nbd7
8. Qc2 c6 9. O-O b6 10. e4 Nxe4 11. Nxe4 dxe4 12. Qxe4 Bb7 13. Rfd1 Qc7 14. Ng5
Nf6 15. Qe3 h6 16. Ne4 Nxe4 17. Qxe4 Rab8 18. Qe3 Rfd8 19. Rd2 c5 20. Bxb7 cxd4
21. Rxd4 Rxd4 22. Qxd4 Qxb7 23. Rd1 Rc8 24. b3 Kh7 25. Qd7 Rc7 26. Qd3+ Kh8 27.
Rd2 Re7 28. Qd8+ Kh7 29. h4 Qc7 30. Qd3+ Kg8 31. Kg2 Qc6+ 32. Kh2 Qc7 33. Kg1
Kh8 34. Qd4 Kg8 35. Kf1 Kh7 36. Ke2 Qb7 37. Ke3 Qc7 38. Qd6 Qxd6 39. Rxd6 Kg6
40. Kd4 Kf6 41. a4 Rb7 42. Kc3 Ke5 43. Rd2 f5 44. b4 a5 45. b5 f4 46. c5 bxc5
47. Kc4 fxg3 48. fxg3 Rc7 49. Rd8 Ke4 50. b6 Rf7 51. Kxc5 Kf3 52. Rd3+ Kf2 53.
Rb3 e5 54. b7 Rf8 55. Kd5 Rb8 56. Kxe5 h5 57. Kf4 Kg2 58. Kg5 Rxb7 59. Rxb7
Kxg3 60. Rb3+ Kf2 61. Kf4 Ke2 62. Re3+ Kd2 63. Ke4 g5 64. hxg5 h4 65. Rh3 Kc2
66. Kd4 Kd2 67. Rh2+ Ke1 68. Ke3 Kf1 69. Rxh4 Kg2 70. Rg4+ Kh3 71. Kf3 Kh2 72.
Rh4+ Kg1 73. Rh8 1-0

[Event "Holberg"]
[Site "Dianalund"]
[Date "2000.02.18"]
[Round "5"]
[White "Dalberg, Preben Schavitshy"]
[Black "Mortensen, Martin Lind"]
[Result "1-0"]
[WhiteElo "2177"]
[BlackElo "1998"]
[PlyCount "49"]
[EventDate "2000.02.14"]
[EventType "tourn"]
[EventRounds "7"]
[EventCountry "DEN"]

1. c4 Nf6 2. g3 e5 3. Bg2 d5 4. cxd5 Nxd5 5. Nf3 Nc6 6. O-O Be7 7. d4 exd4 8.
Nxd4 Nxd4 9. Qxd4 Nf6 10. Qa4+ c6 11. Nc3 O-O 12. e4 Be6 13. h3 Qb6 14. Qc2
Rfd8 15. Be3 Qa5 16. Ne2 Qb4 17. Nf4 Bc4 18. Rfc1 Ba6 19. e5 Nd5 20. Nxd5 cxd5
21. a3 Qc4 22. Qd2 Qb3 23. Rc3 Qa4 24. Rc7 Bb4 25. Qxb4 1-0

[Event "Holberg"]
[Site "Dianalund"]
[Date "2000.02.18"]
[Round "5"]
[White "Hovmoller, Kristian"]
[Black "Jorgensen, Gert"]
[Result "1-0"]
[WhiteElo "1980"]
[BlackElo "2032"]
[PlyCount "89"]
[EventDate "2000.02.14"]
[EventType "tourn"]
[EventRounds "7"]
[EventCountry "DEN"]

1. d4 Nf6 2. c4 g6 3. Nc3 Bg7 4. e4 d6 5. Nf3 O-O 6. Be2 Nbd7 7. O-O e5 8. dxe5
dxe5 9. Qc2 c6 10. Rd1 Qe7 11. a4 a5 12. b3 Nh5 13. Ba3 Nc5 14. Ne1 Nf4 15. Nd3
Nfxd3 16. Rxd3 Re8 17. Rad1 Bf8 18. R3d2 Qg5 19. Bf3 h5 20. Bc1 Qf6 21. Ne2 h4
22. Bb2 g5 23. Nc1 g4 24. Be2 g3 25. fxg3 hxg3 26. Rf1 Qh6 27. h3 Nxe4 28. Qxe4
Qxd2 29. Nd3 f5 30. Qf3 Qg5 31. Bxe5 Bd7 32. Bf4 Qg7 33. Qh5 Re7 34. Rf3 Qd4+
35. Be3 Qa1+ 36. Bf1 Rg7 37. Bf4 Re8 38. Bh6 Qd4+ 39. Kh1 Ree7 40. Bxg7 Rxg7
41. Nf4 Qf6 42. c5 Bxc5 43. Bc4+ Kf8 44. Qh8+ Ke7 45. Nh5 1-0

[Event "Holberg"]
[Site "Dianalund"]
[Date "2000.02.18"]
[Round "5"]
[White "Madsen, Hans Henrik"]
[Black "Rasmussen, Rogvi"]
[Result "0-1"]
[WhiteElo "2093"]
[BlackElo "2104"]
[PlyCount "62"]
[EventDate "2000.02.14"]
[EventType "tourn"]
[EventRounds "7"]
[EventCountry "DEN"]

1. d4 d5 2. c4 c6 3. Nc3 Nf6 4. Nf3 e6 5. Bg5 h6 6. Bh4 dxc4 7. a4 Bb4 8. e3 b5
9. Ne5 Qa5 10. Qc2 Nd5 11. Rc1 Ba6 12. Be2 Qxa4 13. Qxa4 bxa4 14. O-O a3 15.
Na2 axb2 16. Rc2 c3 17. Bxa6 Nxa6 18. e4 Ne7 19. Bxe7 Bxe7 20. Nxc6 Rc8 21.
Rxc3 Nb4 22. Naxb4 Bxb4 23. Rb3 Rxc6 24. Rxb4 Rc2 25. Rb8+ Kd7 26. Rxh8 Kc7 27.
d5 Rc1 28. d6+ Kb7 29. d7 Rxf1+ 30. Kxf1 b1=Q+ 31. Ke2 Qxe4+ 0-1

[Event "Holberg"]
[Site "Dianalund"]
[Date "2000.02.18"]
[Round "5"]
[White "Nielsen, Max"]
[Black "Askgaard, Jens"]
[Result "1-0"]
[WhiteElo "2208"]
[BlackElo "2117"]
[PlyCount "33"]
[EventDate "2000.02.14"]
[EventType "tourn"]
[EventRounds "7"]
[EventCountry "DEN"]

1. e4 g6 2. d4 d6 3. Nc3 c6 4. Nf3 Bg7 5. Be3 Nf6 6. Qd2 Ng4 7. Bg5 h6 8. Bh4
Qa5 9. Bd3 g5 10. Bg3 Na6 11. O-O Bd7 12. a3 c5 13. b4 cxb4 14. axb4 Qb6 15. b5
Nb8 16. Nd5 Qd8 17. b6 1-0

[Event "Holberg"]
[Site "Dianalund"]
[Date "2000.02.19"]
[Round "6"]
[White "Jorgensen, Gert"]
[Black "Askgaard, Jens"]
[Result "0-1"]
[WhiteElo "2032"]
[BlackElo "2117"]
[PlyCount "90"]
[EventDate "2000.02.14"]
[EventType "tourn"]
[EventRounds "7"]
[EventCountry "DEN"]

1. Nf3 e6 2. d4 f5 3. g3 Nf6 4. Bg2 d5 5. Bg5 Bd6 6. Ne5 O-O 7. f4 Nbd7 8. Nxd7
Bxd7 9. Nd2 Qe8 10. Bxf6 Rxf6 11. Nf3 Bb5 12. e3 a5 13. Kf2 Qh5 14. Ng5 Qxd1
15. Raxd1 a4 16. Nxe6 Rxe6 17. Bxd5 Rae8 18. a3 c6 19. Bxe6+ Rxe6 20. h4 Bc4
21. Rd2 Bd5 22. Rh2 Kf7 23. Ke2 Kg6 24. Kf2 Kh5 25. Re2 Re8 26. Re1 Ra8 27. Rc1
Bc4 28. Kf3 Ra5 29. Rd2 Rb5 30. c3 Rb3 31. Ra1 Bd5+ 32. Kf2 Kg4 33. Rc2 Bc4 34.
Rd2 Rb6 35. Rc1 Rxb2 36. Rxb2 Bxa3 37. Rb4 Bxc1 38. Rxc4 a3 39. Ra4 Bb2 40. c4
b5 41. cxb5 cxb5 42. Ra7 b4 43. Rxg7+ Kh3 44. Rxh7 a2 45. Ra7 Ba3 0-1

[Event "Holberg"]
[Site "Dianalund"]
[Date "2000.02.19"]
[Round "6"]
[White "Mortensen, Martin Lind"]
[Black "Nielsen, Max"]
[Result "1/2-1/2"]
[WhiteElo "1998"]
[BlackElo "2208"]
[PlyCount "35"]
[EventDate "2000.02.14"]
[EventType "tourn"]
[EventRounds "7"]
[EventCountry "DEN"]

1. e4 c5 2. c3 e6 3. d4 d5 4. e5 Nc6 5. Nf3 Bd7 6. a3 Rc8 7. Be2 cxd4 8. cxd4
Nge7 9. O-O Nf5 10. Nc3 h5 11. b4 Be7 12. Bb2 g5 13. Na4 Kf8 14. Nc5 b6 15.
Nxd7+ Qxd7 16. Bb5 Qd8 17. Rc1 Nb8 18. Qd3 1/2-1/2

[Event "Holberg"]
[Site "Dianalund"]
[Date "2000.02.19"]
[Round "6"]
[White "Rasmussen, Rogvi"]
[Black "Dalberg, Preben Schavitshy"]
[Result "1-0"]
[WhiteElo "2104"]
[BlackElo "2177"]
[PlyCount "81"]
[EventDate "2000.02.14"]
[EventType "tourn"]
[EventRounds "7"]
[EventCountry "DEN"]

1. d4 d5 2. c4 e6 3. Nf3 c5 4. cxd5 exd5 5. g3 Nc6 6. Bg2 Nf6 7. O-O Be7 8. Nc3
O-O 9. Bg5 cxd4 10. Nxd4 h6 11. Be3 Re8 12. Qb3 Na5 13. Qc2 Bg4 14. Nf5 Bb4 15.
h3 Bxf5 16. Qxf5 Bxc3 17. bxc3 Nc4 18. Bd4 Rxe2 19. Bxf6 Qxf6 20. Qxf6 gxf6 21.
Bxd5 Nd6 22. Rfe1 Rxe1+ 23. Rxe1 Kf8 24. Rb1 Rc8 25. Bxb7 Rb8 26. Be4 Rxb1+ 27.
Bxb1 Nb5 28. Bc2 Nxc3 29. Bb3 Ke7 30. Kg2 Kd6 31. Bxf7 Kc5 32. f4 Kb4 33. g4
Ka3 34. h4 Ne4 35. Kf3 Nd6 36. Bg8 Kb4 37. g5 fxg5 38. fxg5 hxg5 39. hxg5 Nf5
40. Kf4 Ng7 41. Bf7 1-0

[Event "Holberg"]
[Site "Dianalund"]
[Date "2000.02.20"]
[Round "7"]
[White "Askgaard, Jens"]
[Black "Mortensen, Martin Lind"]
[Result "1/2-1/2"]
[WhiteElo "2117"]
[BlackElo "1998"]
[PlyCount "55"]
[EventDate "2000.02.14"]
[EventType "tourn"]
[EventRounds "7"]
[EventCountry "DEN"]

1. d4 Nf6 2. Nf3 g6 3. Nc3 d5 4. Bf4 c6 5. e3 Bf5 6. Be2 Bg7 7. Ne5 Nfd7 8. g4
Be6 9. Qd2 Nxe5 10. Bxe5 Bxe5 11. dxe5 Nd7 12. f4 Qb6 13. O-O-O O-O-O 14. h4
Nc5 15. Bf3 Ne4 16. Bxe4 dxe4 17. Qe2 Rxd1+ 18. Rxd1 h5 19. gxh5 Rxh5 20. Qf2
Qa5 21. a3 Bd5 22. Qe1 Qc5 23. Rd4 e6 24. Nxe4 Bxe4 25. Rxe4 Qe7 26. Qa5 a6 27.
Rd4 Rxh4 28. Rd1 1/2-1/2

[Event "Holberg"]
[Site "Dianalund"]
[Date "2000.02.20"]
[Round "7"]
[White "Dalberg, Preben Schavitshy"]
[Black "Hovmoller, Kristian"]
[Result "0-1"]
[WhiteElo "2177"]
[BlackElo "1980"]
[PlyCount "104"]
[EventDate "2000.02.14"]
[EventType "tourn"]
[EventRounds "7"]
[EventCountry "DEN"]

1. c4 Nf6 2. g3 c5 3. Bg2 g6 4. Nc3 Bg7 5. Nf3 O-O 6. O-O Nc6 7. d4 cxd4 8.
Nxd4 a6 9. c5 Qc7 10. Nb3 b5 11. e4 Bb7 12. f4 d6 13. cxd6 exd6 14. Be3 Rfe8
15. Rc1 Qd7 16. Re1 Rac8 17. Qd2 Nb8 18. Bf2 b4 19. Nd5 Rxc1 20. Nxf6+ Bxf6 21.
Nxc1 a5 22. Bd4 Qd8 23. Qf2 Nc6 24. Bxf6 Qxf6 25. Nd3 Qd8 26. Rd1 Qc7 27. Rc1
Qd8 28. Rd1 Qe7 29. Re1 f6 30. Qb6 Ba8 31. e5 Rb8 32. Qa6 Qa7+ 33. Qxa7 Nxa7
34. exd6 Bxg2 35. Kxg2 Rd8 36. Nc5 Rxd6 37. Re8+ Kf7 38. Rh8 Kg7 39. Ra8 Nc6
40. Ne4 Re6 41. Kf3 f5 42. Ng5 Nd4+ 43. Kf2 Re2+ 44. Kg1 Nc6 45. Ra6 Rc2 46. b3
Kf6 47. Nxh7+ Ke7 48. Ng5 Kd7 49. Nf3 Rxa2 50. Ne5+ Nxe5 51. fxe5 a4 52. e6+
Ke7 0-1

[Event "Holberg"]
[Site "Dianalund"]
[Date "2000.02.20"]
[Round "7"]
[White "Madsen, Hans Henrik"]
[Black "Jorgensen, Gert"]
[Result "1/2-1/2"]
[WhiteElo "2093"]
[BlackElo "2032"]
[PlyCount "66"]
[EventDate "2000.02.14"]
[EventType "tourn"]
[EventRounds "7"]
[EventCountry "DEN"]

1. d4 Nf6 2. Bg5 e6 3. e4 Be7 4. Bxf6 gxf6 5. c4 b6 6. Nc3 Bb7 7. d5 Bb4 8.
Nge2 Qe7 9. Qb3 Na6 10. g3 Nc5 11. Qc2 f5 12. Bg2 fxe4 13. O-O Bxc3 14. Nxc3 f5
15. Nb5 O-O 16. Qd2 Nd3 17. dxe6 dxe6 18. b3 a6 19. Nc3 Rad8 20. Qh6 Qf6 21.
Qxf6 Rxf6 22. Rad1 Rf7 23. Rd2 Rfd7 24. Rfd1 Ne5 25. Rxd7 Rxd7 26. Rxd7 Nxd7
27. Kf1 Kf7 28. Ke2 Kf6 29. Ke3 Ne5 30. h3 Ng6 31. Bf1 h5 32. h4 Ne5 33. Be2
Nf7 1/2-1/2

[Event "Holberg"]
[Site "Dianalund"]
[Date "2000.02.20"]
[Round "7"]
[White "Nielsen, Max"]
[Black "Rasmussen, Rogvi"]
[Result "1/2-1/2"]
[WhiteElo "2208"]
[BlackElo "2104"]
[PlyCount "47"]
[EventDate "2000.02.14"]
[EventType "tourn"]
[EventRounds "7"]
[EventCountry "DEN"]

1. e4 e5 2. Nf3 Nc6 3. Bb5 a6 4. Ba4 Nf6 5. O-O Nxe4 6. d4 b5 7. Bb3 d5 8. dxe5
Be6 9. Nbd2 Nc5 10. c3 Bg4 11. Bc2 Qd7 12. Re1 Ne6 13. Nb3 Be7 14. a4 b4 15. a5
O-O 16. Nbd4 Ncxd4 17. cxd4 Bh5 18. Ba4 c6 19. Be3 Qb7 20. Qc2 Rac8 21. Rec1
Bxf3 22. gxf3 c5 23. dxc5 Bxc5 24. Qd3 1/2-1/2